00333nam a2200121 45000010006000000050017000060080041000230350003000640410007000672450085000742600042001593000010002011865820230411085951.0060907n1997 dr spa   aEN0 aPower in Latin America :ba monthly analisys of Latin America's electricy sector a[s.l.] :bFinancial Time,c1997  a28 p.